Persona series Demon Quiz - Statistics

General Stats
  • This quiz has been taken 10 times
  • The average score is 10 of 16
Answer Stats
Hint Demon % Correct
The mascot of Atlus. It is associated with Ice. Jack Frost
100%
The second Persona of Aigis which was the Greek goddess of warfare, wisdom and handicraft. Athena
89%
The Protagonist of Persona 4's first Persona, the Shinto creator of the physical world. Izanagi
89%
The Egyptian god of death and embalming usually depicted with a scale. Anubis
78%
A cryptid moth that has multi-colored wings. Mothman
78%
An early game Persona with a 'high' variant. Pixie
78%
The Egyptian goddess of magic and wisdom. Has 4 letters in its name. Isis
67%
A technically original Persona who bares resemblance to a character from tale about a wonderland. Alice
56%
A horse creature with two horns that eats 'good' men. Bicorn
56%
A fey from Gaelic mythology that resembles Puss in Boots. Cait Sith
56%
The Persona of Makoto Nijima that looks like a bike. Johanna
56%
Originated from a tale of a general getting confused with a cat. Neko Shogun
56%
An evil teddy bear covered in blood. Bugs
44%
The counterpart to Kushi Mitama who is the gentle aspect of kami spirit. Nigi Mitama
44%
A rainbow serpent from Aboriginal Australian mythology known as the god of fertility. Yurlungur
44%
The plucked, corpse bird that looks like it has an onion as his head. Onmoraki
22%
No matching quizzes found
Score Distribution
Percent of People with Each Score
Percentile by Number Answered
Your Score History
You have not taken this quiz